Ján Ľupták na Gemeri

Bibliographic Details
Main Author: (jv) (Author)
Format: Article
Language:Slovak
Subjects:

MARC

LEADER 00000nab a2200000 a 4500
001 vtls001002786
003 SK-MaSNL
005 20260304180756.0
008 040720e19970617xo 0 slo
035 |a RV3386 
040 |a RVGKPD  |b slo  |c RVGKPD  |e AACR2 
041 0 |a slo 
044 |a xo  |c SK 
080 |a 323(437.6)  |2 1981 
100 0 |a (jv)  |4 aut  |9 842955 
245 1 0 |a Ján Ľupták na Gemeri 
500 |a správy 
590 |a Ľupták, Ján  |b Podpredseda NR SR. 
600 1 7 |a Ľupták, Ján,  |d 1946-2025  |2 RVGKPD  |9 201298 
650 0 7 |a návštevy  |2 RVGKPD  |9 726269 
651 7 |a Rozložná (Slovensko)  |2 RVGKPD  |9 58323 
651 7 |a Gočaltovo (Slovensko)  |2 RVGKPD  |9 58477 
655 7 |a periodikum  |2 snkbucl  |9 29553 
773 0 8 |t Zora Gemera  |g Roč. 5, č.24, 17.6.1997, s. 2 
852 |a ZVYKNI  |b KIS3GCP 
999 |c 3019621  |d 3021551